| Tag |
First Indicator |
Second Indicator |
Subfields |
| LEADER |
00000cam a2200000 a 4500 |
| 001 |
in00000787331 |
| 005 |
20151017054957.0 |
| 008 |
851205s1968 txua s00010 eng d |
| 035 |
|
|
|a (OCoLC)12873514
|
| 035 |
|
|
|9 ADM0012AM
|
| 040 |
|
|
|a EEV
|c EEV
|d m/c
|d TXA
|d UtOrBLW
|
| 049 |
1 |
|
|a TXA2
|
| 090 |
|
|
|a TA1001
|b .T432 no. 46-2
|
| 100 |
1 |
|
|a McCullough, B. Frank.
|
| 245 |
1 |
0 |
|a Analysis of steel stress and concrete movement on an experimental continuously reinforced concrete pavement /
|c by B. F. McCullough, Harvey J. Treybig.
|
| 264 |
|
1 |
|a [Austin] :
|b Texas Highway Dept.,
|c 1968.
|
| 300 |
|
|
|a 118 leaves :
|b illustrations, tables ;
|c 28 cm.
|
| 336 |
|
|
|a text
|b txt
|2 rdacontent
|
| 337 |
|
|
|a unmediated
|b n
|2 rdamedia
|
| 338 |
|
|
|a volume
|b nc
|2 rdacarrier
|
| 490 |
1 |
|
|a Departmental research report / Texas. Highway Department. ;
|v no. 46-2
|
| 500 |
|
|
|a "Performance study of continuously reinforced concrete pavement research project 1-8-63-46 conducted by Texas Highway Department, Highway Design Division, Research Section in cooperation with the U.S. Department of Transportation, Federal Highway Administration, Bureau of Public Roads."
|
| 650 |
|
0 |
|a Pavements, Reinforced concrete
|x Testing.
|
| 650 |
|
0 |
|a Pavements, Reinforced concrete
|x Crack propagation.
|
| 650 |
|
0 |
|a Pavements, Reinforced concrete
|x Strains and stresses.
|
| 700 |
1 |
|
|a Treybig, Harvey J.
|
| 710 |
1 |
|
|a Texas.
|b Highway Department
|g Research project 1-8-63-46.
|
| 710 |
1 |
|
|a United States.
|b Bureau of Public Roads.
|
| 740 |
0 |
|
|a Performance of continuously reinforced concrete pavements.
|
| 830 |
|
0 |
|a Departmental research report (Texas. State Department of Highways and Public Transportation) ;
|v no. 46-2.
|
| 999 |
|
|
|a MARS
|
| 999 |
f |
f |
|s 9f90b036-2ec2-33c1-a581-916eff4a1ca2
|i 8c6a1dd0-212b-3ba5-8c7e-0cf3f5bc01a2
|t 0
|
| 952 |
f |
f |
|p ric
|a Texas A&M University
|b Rellis Campus
|c Joint Library Facility
|d Remote Storage
|t 0
|e TA1001 .T432 no. 46-2
|h Library of Congress classification
|i unmediated -- volume
|m A14812524457
|
| 998 |
f |
f |
|a TA1001 .T432 no. 46-2
|t 0
|l Remote Storage
|